| 000 | 00370 a2200157 4500 | ||
|---|---|---|---|
| 999 |
_c12667 _d12667 |
||
| 003 | OSt | ||
| 005 | 20240713120050.0 | ||
| 008 | 240713b ||||| |||| 00| 0 eng d | ||
| 020 | _a9781941806241 | ||
| 082 | _a720.954 | ||
| 100 | _aAnuradha Mathur and Dilip da Cunha | ||
| 245 | _aDesign in the Terrain of Water | ||
| 260 | _c2014 | ||
| 300 | _a217p; | ||
| 942 | _2ddc | ||